| 000 | 00976nas a2200337 4500 | ||
|---|---|---|---|
| 001 | BR0503706 | ||
| 003 | BR-BrBNA | ||
| 005 | 20231205105516.0 | ||
| 007 | ta | ||
| 008 | 230509b bl.|||p| |||| 00| 00por d | ||
| 040 |
_aBR-BrBNA _bpor _cBiblioteca Nacional de Agricultura |
||
| 041 | _a(En) | ||
| 072 | _aJ11 | ||
| 100 | 1 | _aSilva, F. da | |
| 100 | 1 | _aSantos, R.H.S. | |
| 100 | 1 | _aAndrade, N.J. de | |
| 100 | 1 | _aBarbosa, L.C.A. | |
| 100 | 1 | _aCasali, V.W.D. | |
| 100 | 1 | _aLima, R.R. de | |
| 100 | 1 | _aPassarinho, R. de M. | |
| 245 | 1 | _aBasil conservation affected by cropping season, harvest time and storage period | |
| 650 | _aMANJERICÃO | ||
| 650 | _aARMAZENAMENTO | ||
| 650 | _aCONSERVAÇÃO | ||
| 650 | _aCLOROFILA | ||
| 650 | _aFUNGO | ||
| 650 | _aBACTERIA | ||
| 773 | 0 |
_tPesquisa Agropecuária Brasileira (Brazil) _xISSN 0100-204X _g(Apr 2005), v. 40(4) p. 323-328 _wBR0503706 |
|
| 909 |
_a202311 _bLúcia _c55 _dLúcia Elande |
||
| 942 |
_2AGRIS _n0 _cANA |
||
| 999 |
_c183326 _d183326 |
||